000 00659cam a22002173a 4500
001 36507
003 PGUSA
005 20140828083805.0
008 110624s2011||||xxu|||||s|||||000 | eng d
040 _aPGUSA
_beng
042 _adc
100 1 _aWollstonecraft, Mary,
_d1759-1797
245 1 0 _aMary Wollstonecraft's Original Stories
_h[electronic resource] /
_cMary Wollstonecraft
260 _bProject Gutenberg,
_c2011
506 _aPublic domain in the USA.
516 _aElectronic text
700 1 _aLucas, E. V.
_q(Edward Verrall),
_d1868-1938
830 0 _aProject Gutenberg
_v36507
856 4 0 _uhttp://www.gutenberg.org/ebooks/36507
942 _cEB
999 _c265762
_d265762